000 00404cam a2200181 4500
001 D871
008 090401t1968 xxu||||| |||| 00| 0 eng d
035 _a(Sirsi) u48632
041 _aeng
050 _a333.007
100 _aAllan, A.L.
245 _aEducation for the profession
260 _aLondon
_bFIG/RICS
_c1968
300 _a24p. 30cm
350 _a0.25
942 _n0
948 _c04/03/1997
999 _c92378
_d92378